[Event "Tatarstan-ch"]
[Site "Kazan"]
[Date "2016.09.21"]
[Round "6"]
[White "Bogatov, Bogdan"]
[Black "Peisakhov, Imanuil"]
[Result "0-1"]
[WhiteElo "1781"]
[BlackElo "1893"]
[PlyCount "90"]
[EventDate "2016.09.16"]
[EventType "swiss"]
[EventRounds "9"]
[EventCountry "RUS"]
[SourceTitle "CBM 174 Extra"]
[Source "ChessBase"]
[SourceDate "2016.10.10"]
[SourceVersion "1"]
[SourceVersionDate "2016.10.10"]
[SourceQuality "1"]

1. e4 e5 2. Nf3 Nf6 3. Nc3 Bb4 4. d3 d5 5. exd5 Nxd5 6. Bd2 0-0 7. Nxd5 Bxd2+ 8. Qxd2 Qxd5 9. Be2 Nc6 10. 0-0 b6 11. c3 Bb7 12. Ne1 Rfe8 13. Qe3 Qd6 14. Rd1 Ne7 15. Bf3 Bxf3 16. Nxf3 Nd5 17. Qd2 Rad8 18. Rfe1 Nf6 19. Qc2 c5 20. Ng5 Qd5 21. Qa4 b5 22. Qb3 a6 23. Qxd5 Rxd5 24. Ne4 Red8 25. Nxf6+ gxf6 26. Re3 c4 27. Kf1 Rxd3 28. Rexd3 Rxd3 29. Rxd3 cxd3 30. g3 f5 31. f4 e4 32. Kf2 d2 33. Ke2 e3 34. h3 h5 35. Kd1 Kf8 36. Ke2 Ke7 37. Kd1 Kd6 38. Ke2 Kc5 39. b3 Kd5 40. Kf1 Kc6 41. Ke2 Kc5 42. Kd1 Kd5 43. Ke2 Ke4 44. a3 a5 45. h4 f6 0-1

[Event "Tatarstan-ch"]
[Site "Kazan"]
[Date "2016.09.18"]
[Round "3"]
[White "Peisakhov, Imanuil"]
[Black "Gabitov, Ruslan"]
[Result "1/2-1/2"]
[WhiteElo "1893"]
[BlackElo "2120"]
[PlyCount "120"]
[EventDate "2016.09.16"]
[EventType "swiss"]
[EventRounds "9"]
[EventCountry "RUS"]
[SourceTitle "CBM 174 Extra"]
[Source "ChessBase"]
[SourceDate "2016.10.10"]
[SourceVersion "1"]
[SourceVersionDate "2016.10.10"]
[SourceQuality "1"]

1. e4 e6 2. d4 d5 3. Nc3 Bb4 4. exd5 exd5 5. a3 Bxc3+ 6. bxc3 Ne7 7. Nf3 Nbc6 8. Bd3 Bf5 9. 0-0 Qd7 10. Re1 Bxd3 11. Qxd3 0-0 12. Ne5 Nxe5 13. dxe5 Rfe8 14. f4 Rad8 15. g3 c5 16. Be3 b6 17. Rad1 Qg4 18. Rd2 Ng6 19. Qe2 Qxe2 20. Rdxe2 f6 21. e6 f5 22. Bf2 Rd6 23. Rd1 Ne7 24. Re5 g6 25. h3 h5 26. Kg2 d4 27. cxd4 cxd4 28. Rxd4 Rxd4 29. Bxd4 Nc6 30. Rd5 Rxe6 31. Kf3 Kf7 32. Be5 Ke8 33. g4 Ne7 34. Rd3 hxg4+ 35. hxg4 Nc6 36. gxf5 gxf5 37. Bc3 Ne7 38. Bb4 Ng6 39. Rd5 Rc6 40. Rd6 Rxd6 41. Bxd6 Kd7 42. Bb8 a6 43. Ke3 Ne7 44. Be5 Nc6 45. Bd4 b5 46. Kd3 Na5 47. Bc3 Nc6 48. Bd4 Nd8 49. c4 Kc6 50. Be3 Ne6 51. Kc3 a5 52. Kb3 Nc7 53. Bd2 a4+ 54. Kc3 Ne6 55. Kb4 bxc4 56. Kxc4 Kb7 57. Kb4 Kb8 58. Kxa4 Kb7 59. Kb4 Kb6 60. Be3+ Kb7 1/2-1/2

[Event "Tatarstan-ch"]
[Site "Kazan"]
[Date "2016.09.17"]
[Round "2"]
[White "Bairamov, Ferdinant"]
[Black "Peisakhov, Imanuil"]
[Result "0-1"]
[WhiteElo "1535"]
[BlackElo "1893"]
[PlyCount "86"]
[EventDate "2016.09.16"]
[EventType "swiss"]
[EventRounds "9"]
[EventCountry "RUS"]
[SourceTitle "CBM 174 Extra"]
[Source "ChessBase"]
[SourceDate "2016.10.10"]
[SourceVersion "1"]
[SourceVersionDate "2016.10.10"]
[SourceQuality "1"]

1. e4 e5 2. Nf3 Nf6 3. Nxe5 d6 4. Nf3 Nxe4 5. Bb5+ c6 6. Ba4 Be7 7. c3 0-0 8. Bc2 d5 9. d3 Nf6 10. 0-0 Bg4 11. Re1 Re8 12. Be3 Nbd7 13. Nbd2 Bd6 14. h3 Be6 15. Bg5 c5 16. Re2 b5 17. Qf1 Qc7 18. Rae1 h6 19. Bxf6 Nxf6 20. d4 c4 21. Ne5 b4 22. Ndf3 bxc3 23. bxc3 Qa5 24. Rc1 Ba3 25. Rb1 Qxc3 26. Rb7 Qa5 27. Qb1 Qa6 28. Re3 Bd6 29. a4 Rab8 30. Rxb8 Rxb8 31. Qa2 Qb7 32. Re2 Nd7 33. a5 Nxe5 34. Nxe5 Bxe5 35. dxe5 d4 36. Be4 Qb3 37. Qa1 d3 38. Re1 d2 39. Rb1 Qxb1+ 40. Bxb1 d1Q+ 41. Kh2 Qxb1 42. Qd4 Qb2 43. Qxa7 c3 0-1